01854nam a22003737a 4500003000500000005001700005008004100022010001100063011001100074020001800085035001100103040000900114082002200123110006700145245041300212260002300625300001500648490004700663500005900710590004100769590004100810590004100851590004200892650002900934650004000963650002201003711013301025830005401158901000701212942001001219949008201229999001901311952015001330CHAP20220817044539.0120905s2012 it rn 00010 eng d a103860 a104832 a9789250071305 a115522 cCHAP04a632.2bF46t v.9872 aFAO. Comisión de Pesca para el Atlántico Centro-Occidental10aReport of the fifth session of the Scientific Advisory Group. Puerto Morelos, Mexico, 28-29 October 2011 = Rapport de la cinquième session du Groupe scientifique consultatif. Puerto Morelos, Mexico, 28 et 29 octobre 2011 = Informe de la quinta sesión del Grupo Asesor Científico. Puerto Morelos, México, 28 y 29 de octubre de 2011.c/por FAO. Comisión de Pesca para el Atlántico Centro-Occidental aRoma :bFAO,c2012 avii, 60 p. 0aFAO. Informe de pesca y acuiculturav; 987 aEdición Trilingüe (inglés, francés, español) aBATCH-UPDb10c20130110lUCH01h1415 aBATCH-UPDb10c20130410lUCH01h0654 aBATCH-UPDb10c20130914lUCH01h1350 aCONVERSIONb10c20130109lUCH01h135714aPesca sostenible.98744014aPescaxOcéano Atlántico.98743014aRecursos marinos.2 aFAO. Western Central Atlantic Fishery Commission Scientific Advisory Group Session (n5 :d2011:cPuerto Morelos, Mexico)93970610aFAO. Informe de pesca y acuiculturav; 987939588 aBK cLIBRO a632.2 F46t v.987bBCcFAOd33724002346058eFAO1gDonaciØnh117340i115522st c103860d103860 00104053708FAOaBCbBCcPP_FAOd2019-12-31eDonacionfLIBROi127l0o632.2 F46t v.987p33724002346058r2019-12-31 00:00:00w2019-12-31yLIBRO